000 00291nam a22001217a 4500
999 _c13499
_d13499
082 _a904
100 _aBeha Ud Din
245 _aThe Life of Salah Ud Din Ayyubi
260 _aLahore
_bFerozsons
_c1897
300 _axx, 420 Pages
650 _aMuslim-History-Salah ud Din Ayyubi
942 _cBK